=LDR 00000nam 2200000 4500 =001 INLIS000000000039611 =005 20130612145228 =008 ***********************************Ind** =035 ##$$0010-061300000039611 =041 ##$$a Ind =082 ##$$a 2X3.6 =090 ##$$a 2X3.6, Ast a =100 ##$$a Ronny Astrada =245 ##$$a As-sirr, Plus dan Minus Sang Rahasia =850 ##$$a NBPNMAT